01033 2200349 4500001002100000005001500021035002000036006001800056007000300074008004100077040001200118084001700130090001900147100002300166245010400189260005100293300002200344710001400366850001200380900002900392902010000421082001100521650002300532041000800555990001600563990001800579990001600597990001800613990001800631990001600649990001800665INLIS00000000032760920180801094252 a0010-0718001138a f000 0ta180801 0 ind  aYOPDYOG a352.24 ALI k aL 352.24 ALI k0 aAli Sastroamidjojo1 aKeterangan pemerintah tentang program kabinet Ali Sastroamidjojo (kedua) /coleh Ali Sastroamidjojo aDjakarta :bKementerian Penerangan R.I.,c1956 a40 hlm. ;c24 cm. aIndonesia aYOPDYOG a00541nbm**2200012*a*4500 aINDOLI31:18-OCT-11*INDOLI31:18-OCT-11*INDOLI31:18-OCT-11*INDOLI31:18-OCT-11*INDOLI31:18-OCT-11* a352.24 aKabinet Pemerintah aind a00000655526 a23888-PD/A.07 a00000655526 a23890-PD/A.07 a23888-PD/A.07 a00000655526 a60056-PD/A.18